Statistics for Most Common North-South JetPunk Answers

Click here to take the quiz!

General Stats

  • This quiz has been taken 37 times
  • The average score is 4 of 7

Answer Stats

#N #SWord% Correct
208 299Korea
97%
93 73Carolina
83%
80 77Dakota
80%
4 4America
60%
4 5Pole
40%
7 3Vietnam
29%
11 10Island
26%

Score Distribution

Percentile by Number Answered

Percent of People with Each Score

Your Score History

You have not taken this quiz